| 000 | 00734cam a2200217 a 4500 | ||
|---|---|---|---|
| 003 | MX-MxUPN | ||
| 005 | 20241002133909.0 | ||
| 008 | 190528s2010 gw o fr 000 0 eng d | ||
| 035 | _aUPN01000230807 | ||
| 040 |
_aMX-MxUPN _bspa |
||
| 041 | 0 |
_aeng _aspa |
|
| 050 | 4 |
_aL401 _bU545 2004 |
|
| 110 | 2 |
_aInstituto de la Unesco para el Aprendizaje a lo Largo de Toda la Vida _953836 |
|
| 245 | 0 | 0 |
_aAnnual report 2009 = _bRapport annuel 2009 |
| 260 |
_aGermany : _bUNESCO Institute for Lifelong Learning, _cc2010. |
||
| 300 | _a38, 38 páginas | ||
| 610 | 2 | 4 |
_953837 _aInstituto de la Unesco para el Aprendizaje a lo Largo de Toda la Vida _vInformes |
| 902 | _bVíctorGodínez/021024 | ||
| 942 |
_2lcc _cLIBRO |
||
| 999 |
_c202902 _d202902 |
||